000 01593nam a22002657a 4500
005 20250626144454.0
008 250626b |||||||| |||| 00| 0 eng d
020 _a9780393877083
040 _aCSL
_cCSL
041 _2eng
_aeng
084 _aB9 R2
_qCSL
100 _aPalen, Stacy
_eauthor.
245 _a21st Century Astronomy
_b: Solar System
250 _a7th ed.
260 _aNew york :
_bW W Norton & Company,
_c2022.
300 _axxxi,710p.
_b: col.ill.
_c; 27 cm.
500 _aIncludes appendix and index.
520 _aComprehensive and authoritative, 21st Century Astronomy fosters scientific literacy by offering carefully crafted activities that help students apply the process of science to astronomy, the news, and the world. The 21st Century learning package provides the most up-to-date astronomy research, engaging students as they prepare for lecture, perform in-class activities, and complete meaningful homework assignments―both in person and online. Lead author Stacy Palen draws on her experience teaching at an open enrollment university to build intentionality and transparency into every aspect of the learning package, giving activities a clear purpose and making them easy to execute without special equipment. Norton’s service supports every instructor, every step of the way.
650 _aSolar system.
650 _a Astronomy.
_9814718
650 _aPlanetary systems.
_9814719
650 _acosmology.
700 _aBlumenthal , George
_eco-author.
_9814706
942 _2CC
_cTEXL
_hB9 R2
_n0
999 _c1433011
_d1433011